00500nam a22001577a 4500008004100000040001800041041000800059100003600067245006400103260004700167300001700214500004800231650002000279650002300299650002000322130821s1894 enk gr eng  aCo-BoUCMbspa00aeng aShakespeare, WilliamD1564-161600aShakespeare's comedy of as you like itcWilliam Shakespeare aLondres (Inglaterra)bJ.M. Dent Sonsc1894 a144páginas aIncluye glosario y notas al final del texto04aComedia inglesa04aLiteratura inglesa04aTeatro inglés